000 00527nam a22002057a 4500
999 _c27689
_d27689
003 OSt
005 20250225115332.0
008 250225b ||||| |||| 00| 0 eng d
020 _a0852298129
040 _cimukc
041 _aeng
082 _a032
_bE5633
110 _aEncyclopaedia Britannica, Inc.
_95809
245 _aBritannica book of the year.
260 _aChicago :
_bEncyclopaedia Britannica, Inc.,
_cc2002
300 _a936 p.
650 0 _91110
_aEncyclopaedia
650 0 _93579
_aYearbook
942 _2ddc
_cRT